000 01239nam a2200301Ia 4500
003 GCL
008 140319s9999 xx 000 0 ara d
020 _a9 328028197
040 _aGCL /
_cGCL
082 0 4 _a378.009
_bم أ
100 1 _aمحمد زكى عويس
245 1 0 _aالاتجاهات العالمية لتطوير التعليم العالى :
_bرؤية عربية /
_cمحمد زكى عويس
260 _aالقاهرة :
_bالمكتبة الاكاديمية ،
_c2007
300 _a104 ص ؛
_c27 سم
490 _aكراسات مستقبلية
_v0
650 0 4 _aالتعليم العالى
650 0 4 _aالتعليم الجامعى - مصر
650 0 4 _aالتعليم العالى - تطوير
650 0 4 _aالتعليم الجامعى - تطوير - مصر
650 0 4 _aالتعليم العالى - ضبط الجودة
650 0 4 _aالتعليم العالى - اسبانيا
650 0 4 _aالتعليم العالى - فرنسا
650 0 4 _aالتعليم العالى - اسيا
650 0 4 _aالتعليم العالى - الصين
650 0 4 _aالتعليم العالى - افريقيا
650 0 4 _aالتعليم العالى - العالم العربى
942 _2ddc
_cBK
999 _c9834
_d9834